[Event "Mästar Elit"]
[Site "Örebro"]
[Date "2013.07.07"]
[Round "2"]
[White "Andréasson, Ingvar"]
[Black "Sagit, Rauan"]
[Result "0-1"]
[BlackElo "2355"]
[WhiteElo "2345"]

1. Nf3 {[%clk 1:27:10]} c5 {[%clk 1:29:21]} 2. b3 {[%clk 1:27:15]} e6
{[%clk 1:26:50]} 3. Bb2 {[%clk 1:24:55]} b6 {[%clk 1:25:01]} 4. g3
{[%clk 1:24:16]} Bb7 {[%clk 1:24:36]} 5. Bg2 {[%clk 1:24:44]} Nf6
{[%clk 1:22:27]} 6. O-O {[%clk 1:24:14]} Be7 {[%clk 1:21:05]} 7. e3
{[%clk 1:24:05]} d6 {[%clk 1:16:29]} 8. c4 {[%clk 1:21:43]} Nbd7 {[%clk 1:16:21]}
9. d4 {[%clk 1:18:15]} O-O {[%clk 1:12:35]} 10. Nc3 {[%clk 1:12:53]} Rb8
{[%clk 1:08:07]} 11. Qe2 {[%clk 1:05:35]} a6 {[%clk 1:04:42]} 12. Rfd1
{[%clk 1:00:43]} Qc8 {[%clk 0:55:06]} 13. e4 {[%clk 0:45:55]} cxd4
{[%clk 0:53:44]} 14. Nxd4 {[%clk 0:46:17]} Re8 {[%clk 0:51:40]} 15. Rac1
{[%clk 0:44:05]} Ba8 {[%clk 0:42:00]} 16. Ba3 {[%clk 0:35:31]} Bf8
{[%clk 0:37:03]} 17. h3 {[%clk 0:26:28]} h6 {[%clk 0:35:20]} 18. Bb2
{[%clk 0:26:25]} Rb7 {[%clk 0:34:19]} 19. b4 {[%clk 0:21:42]} Rc7
{[%clk 0:33:45]} 20. Ncb5 {[%clk 0:18:58]} axb5 {[%clk 0:30:01]} 21. Nxb5
{[%clk 0:17:07]} Rc6 {[%clk 0:28:43]} 22. Nd4 {[%clk 0:16:17]} e5
{[%clk 0:28:20]} 23. Nxc6 {[%clk 0:15:31]} Bxc6 {[%clk 0:28:41]} 24. a3
{[%clk 0:15:26]} Qa8 {[%clk 0:27:14]} 25. Re1 {[%clk 0:15:37]} Bb7
{[%clk 0:27:05]} 26. Kh2 {[%clk 0:13:27]} Be7 {[%clk 0:26:42]} 27. f3
{[%clk 0:13:05]} Nh7 {[%clk 0:25:00]} 28. h4 {[%clk 0:12:44]} Nhf8
{[%clk 0:24:55]} 29. Bh3 {[%clk 0:13:02]} Ne6 {[%clk 0:23:13]} 30. Bxe6
{[%clk 0:13:15]} fxe6 {[%clk 0:23:31]} 31. Qc2 {[%clk 0:11:46]} Bf8
{[%clk 0:19:01]} 32. Qd3 {[%clk 0:10:42]} Qa4 {[%clk 0:18:03]} 33. Rc2
{[%clk 0:08:56]} Rc8 {[%clk 0:17:13]} 34. Rg2 {[%clk 0:08:18]} Ba6
{[%clk 0:15:56]} 35. Rc1 {[%clk 0:06:49]} Rc7 {[%clk 0:14:35]} 36. f4
{[%clk 0:06:24]} Bb7 {[%clk 0:12:42]} 37. g4 {[%clk 0:05:57]} Qa8
{[%clk 0:12:54]} 38. Re1 {[%clk 0:05:44]} exf4 {[%clk 0:09:08]} 39. g5
{[%clk 0:06:01]} h5 {[%clk 0:09:16]} 40. g6 {[%clk 0:32:58]} e5 {[%clk 0:37:16]}
0-1

[Event "Mästar Elit"]
[Site "Örebro"]
[Date "2013.07.08"]
[Round "3"]
[White "Lindgren, Philip"]
[Black "Andersson, Tommy"]
[Result "1-0"]
[BlackElo "2345"]
[WhiteElo "2287"]

1. d4 {[%clk 1:30:53]} Nf6 {[%clk 1:30:54]} 2. c4 {[%clk 1:30:56]} g6
{[%clk 1:31:16]} 3. Nc3 {[%clk 1:30:46]} d5 {[%clk 1:31:36]} 4. Nf3
{[%clk 1:29:47]} Bg7 {[%clk 1:31:43]} 5. Qb3 {[%clk 1:29:54]} dxc4
{[%clk 1:30:51]} 6. Qxc4 {[%clk 1:30:12]} a6 {[%clk 1:30:54]} 7. e4
{[%clk 1:29:01]} b5 {[%clk 1:30:31]} 8. Qb3 {[%clk 1:29:15]} c5 {[%clk 1:30:40]}
9. dxc5 {[%clk 1:28:00]} Be6 {[%clk 1:30:59]} 10. Qc2 {[%clk 1:27:15]} O-O
{[%clk 1:28:42]} 11. Be2 {[%clk 1:23:39]} Nc6 {[%clk 1:23:02]} 12. O-O
{[%clk 1:16:25]} b4 {[%clk 1:09:44]} 13. Rd1 {[%clk 1:05:31]} Qa5
{[%clk 1:05:42]} 14. Nd5 {[%clk 1:04:40]} Rfd8 {[%clk 0:56:46]} 15. Qc4
{[%clk 0:52:20]} Nd7 {[%clk 0:42:26]} 16. Be3 {[%clk 0:46:05]} Bxb2
{[%clk 0:36:39]} 17. Rab1 {[%clk 0:45:27]} Nde5 {[%clk 0:35:04]} 18. Nxe5
{[%clk 0:44:57]} Bxe5 {[%clk 0:34:58]} 19. f4 {[%clk 0:43:21]} Bg7
{[%clk 0:31:31]} 20. Qc2 {[%clk 0:36:15]} Ra7 {[%clk 0:16:09]} 21. Bc4
{[%clk 0:24:08]} Bg4 {[%clk 0:14:00]} 22. Rd2 {[%clk 0:15:10]} e6
{[%clk 0:11:15]} 23. Nxb4 {[%clk 0:13:11]} Bd4 {[%clk 0:09:37]} 24. Bxd4
{[%clk 0:11:03]} Nxd4 {[%clk 0:09:11]} 25. Rxd4 {[%clk 0:09:26]} Rxd4
{[%clk 0:06:27]} 26. Nc6 {[%clk 0:09:36]} Rd2 {[%clk 0:03:44]} 27. Nxa5
{[%clk 0:07:28]} Rxc2 {[%clk 0:04:12]} 28. c6 {[%clk 0:06:49]} Rc7
{[%clk 0:03:06]} 29. Rb7 {[%clk 0:06:04]} Rc8 {[%clk 0:03:28]} 30. h3
{[%clk 0:04:06]} Be2 {[%clk 0:03:15]} 31. c7 {[%clk 0:03:39]} Kg7
{[%clk 0:03:10]} 32. Bxe2 {[%clk 0:03:51]} Rxe2 {[%clk 0:01:29]} 33. Nc4
{[%clk 0:04:15]} Rf8 {[%clk 0:00:32]} 34. Rb8 {[%clk 0:03:39]} 1-0

[Event "Mästar Elit"]
[Site "Örebro"]
[Date "2013.07.08"]
[Round "3"]
[White "Johansson, Linus"]
[Black "Frisk Kockum, Anton"]
[Result "1/2-1/2"]
[BlackElo "2346"]
[WhiteElo "2347"]

1. d4 {[%clk 1:30:55]} e6 {[%clk 1:30:54]} 2. Nf3 {[%clk 1:31:21]} Nf6
{[%clk 1:31:09]} 3. e3 {[%clk 1:30:20]} b6 {[%clk 1:30:00]} 4. Bd3
{[%clk 1:30:43]} Bb7 {[%clk 1:30:16]} 5. O-O {[%clk 1:31:02]} Be7
{[%clk 1:29:31]} 6. b3 {[%clk 1:30:35]} c5 {[%clk 1:21:16]} 7. Bb2
{[%clk 1:29:41]} O-O {[%clk 1:21:13]} 8. Nbd2 {[%clk 1:29:37]} d6
{[%clk 1:19:55]} 9. dxc5 {[%clk 1:27:39]} bxc5 {[%clk 1:17:07]} 10. e4
{[%clk 1:26:25]} e5 {[%clk 1:13:27]} 11. Re1 {[%clk 1:26:08]} Nc6
{[%clk 1:10:49]} 12. Nf1 {[%clk 1:23:52]} Nd4 {[%clk 1:08:35]} 13. Ng3
{[%clk 1:18:49]} g6 {[%clk 1:07:06]} 14. Bc1 {[%clk 1:17:46]} Ne8
{[%clk 1:05:56]} 15. Nxd4 {[%clk 1:13:06]} cxd4 {[%clk 1:04:29]} 16. f4
{[%clk 1:12:43]} Ng7 {[%clk 0:47:54]} 17. Rf1 {[%clk 1:08:12]} Kh8
{[%clk 0:43:36]} 18. Qe2 {[%clk 1:07:40]} Ne6 {[%clk 0:16:33]} 19. Bc4
{[%clk 0:57:46]} exf4 {[%clk 0:14:42]} 20. Bxf4 {[%clk 0:57:09]} Bg5
{[%clk 0:14:35]} 21. Bxg5 {[%clk 0:50:51]} Qxg5 {[%clk 0:14:51]} 22. Rad1
{[%clk 0:51:12]} d5 {[%clk 0:07:54]} 23. exd5 {[%clk 0:48:21]} Bxd5
{[%clk 0:08:07]} 24. Bxd5 {[%clk 0:48:37]} Qxd5 {[%clk 0:08:30]} 25. c4
{[%clk 0:48:13]} Qg5 {[%clk 0:07:30]} 26. Ne4 {[%clk 0:47:23]} Qe3+
{[%clk 0:06:45]} 27. Rf2 {[%clk 0:41:50]} f5 {[%clk 0:06:22]} 28. Nd2
{[%clk 0:41:27]} Rfe8 {[%clk 0:03:01]} 29. Nf1 {[%clk 0:41:07]} Qxe2
{[%clk 0:02:57]} 30. Rxe2 {[%clk 0:41:35]} Kg7 {[%clk 0:02:53]} 31. Nd2
{[%clk 0:37:10]} d3 {[%clk 0:02:13]} 32. Rf2 {[%clk 0:35:23]} Nc5
{[%clk 0:02:20]} 33. Rf3 {[%clk 0:28:58]} Rad8 {[%clk 0:02:23]} 34. Nf1
{[%clk 0:26:23]} a5 {[%clk 0:01:59]} 35. Ne3 {[%clk 0:25:06]} Rd4
{[%clk 0:02:07]} 36. Rxf5 {[%clk 0:18:35]} Nxb3 {[%clk 0:01:46]} 37. axb3
{[%clk 0:18:17]} Rxe3 {[%clk 0:02:09]} 38. Rf3 {[%clk 0:16:07]} Rxf3
{[%clk 0:02:10]} 39. gxf3 {[%clk 0:16:35]} d2 {[%clk 0:01:57]} 40. Kf2
{[%clk 0:46:58]} Rd3 {[%clk 0:31:45]} 41. Ke2 {[%clk 0:47:07]} Rxb3
{[%clk 0:32:06]} 42. Rxd2 {[%clk 0:47:35]} Rc3 {[%clk 0:32:05]} 43. Rd7+
{[%clk 0:47:41]} Kh6 {[%clk 0:24:48]} 44. Rd4 {[%clk 0:46:41]} a4
{[%clk 0:23:47]} 45. Kd2 {[%clk 0:46:48]} Rxf3 {[%clk 0:23:56]} 46. c5
{[%clk 0:47:01]} a3 {[%clk 0:22:52]} 47. Ra4 {[%clk 0:47:13]} Rf5
{[%clk 0:12:47]} 48. c6 {[%clk 0:47:07]} Rc5 {[%clk 0:13:10]} 49. Rxa3
{[%clk 0:47:31]} Rxc6 {[%clk 0:13:35]} 50. Ke1 {[%clk 0:47:43]} Rc2
{[%clk 0:13:35]} 51. Rh3+ {[%clk 0:48:07]} Kg7 {[%clk 0:13:40]} 52. Kf1
{[%clk 0:48:32]} g5 {[%clk 0:13:47]} 53. Kg1 {[%clk 0:48:57]} Kg6
{[%clk 0:13:52]} 54. Ra3 {[%clk 0:49:21]} Re2 {[%clk 0:12:55]} 55. Ra7
{[%clk 0:49:33]} h5 {[%clk 0:12:43]} 56. Ra5 {[%clk 0:49:44]} h4 {[%clk 0:12:36]}
57. Rb5 {[%clk 0:49:16]} Kh5 {[%clk 0:12:23]} 58. Rb4 {[%clk 0:49:39]} Re1+
{[%clk 0:10:47]} 59. Kg2 {[%clk 0:49:39]} Re3 {[%clk 0:10:13]} 60. Rb1
{[%clk 0:49:28]} Re2+ {[%clk 0:09:18]} 61. Kg1 {[%clk 0:48:50]} Kg4
{[%clk 0:09:38]} 62. Ra1 {[%clk 0:48:08]} Re3 {[%clk 0:09:35]} 63. Kg2
{[%clk 0:48:31]} Re2+ {[%clk 0:09:15]} 64. Kg1 {[%clk 0:48:55]} Kf3
{[%clk 0:09:40]} 65. Rf1+ {[%clk 0:48:57]} Ke3 {[%clk 0:09:37]} 66. Ra1
{[%clk 0:49:03]} g4 {[%clk 0:09:12]} 67. Rb1 {[%clk 0:49:02]} Rd2
{[%clk 0:09:04]} 68. Re1+ {[%clk 0:48:58]} Kf3 {[%clk 0:08:25]} 69. Rf1+
{[%clk 0:49:10]} Ke3 {[%clk 0:08:44]} 70. Re1+ {[%clk 0:49:35]} Kf4
{[%clk 0:09:08]} 71. Rf1+ {[%clk 0:50:00]} Kg5 {[%clk 0:09:31]} 72. Ra1
{[%clk 0:50:22]} Rd4 {[%clk 0:09:06]} 73. Kg2 {[%clk 0:50:45]} Kf4
{[%clk 0:07:40]} 74. Rf1+ {[%clk 0:50:42]} Ke3 {[%clk 0:08:03]} 75. Re1+
{[%clk 0:50:39]} Kd2 {[%clk 0:08:26]} 76. Re8 {[%clk 0:50:11]} Kd1
{[%clk 0:08:05]} 77. Rg8 {[%clk 0:49:59]} Re4 {[%clk 0:08:02]} 78. Rd8+
{[%clk 0:49:46]} Ke1 {[%clk 0:08:14]} 79. Rh8 {[%clk 0:49:39]} Re2+
{[%clk 0:06:30]} 80. Kg1 {[%clk 0:50:08]} h3 {[%clk 0:06:42]} 81. Ra8
{[%clk 0:50:18]} Rg2+ {[%clk 0:06:22]} 82. Kh1 {[%clk 0:50:42]} Rd2
{[%clk 0:05:57]} 83. Ra1+ {[%clk 0:51:05]} Kf2 {[%clk 0:06:14]} 84. Rf1+
{[%clk 0:51:17]} Ke2 {[%clk 0:06:27]} 85. Rf2+ {[%clk 0:51:29]} Kxf2
{[%clk 0:06:40]} 1/2-1/2

[Event "Mästar Elit"]
[Site "Örebro"]
[Date "2013.07.08"]
[Round "3"]
[White "Kenneskog, Theodor"]
[Black "Andréasson, Ingvar"]
[Result "1-0"]
[BlackElo "2345"]
[WhiteElo "2228"]

1. e4 {[%clk 1:30:56]} d6 {[%clk 1:22:50]} 2. d4 {[%clk 1:30:49]} Nf6
{[%clk 1:22:56]} 3. Nc3 {[%clk 1:30:30]} g6 {[%clk 1:23:05]} 4. f4
{[%clk 1:30:38]} Bg7 {[%clk 1:23:23]} 5. Nf3 {[%clk 1:30:54]} O-O
{[%clk 1:23:42]} 6. Bd3 {[%clk 1:30:44]} Na6 {[%clk 1:23:35]} 7. O-O
{[%clk 1:31:02]} c5 {[%clk 1:23:55]} 8. d5 {[%clk 1:31:22]} Bg4 {[%clk 1:15:21]}
9. Bc4 {[%clk 1:31:26]} Rb8 {[%clk 1:10:32]} 10. h3 {[%clk 1:26:06]} Bxf3
{[%clk 1:07:55]} 11. Qxf3 {[%clk 1:25:55]} Nc7 {[%clk 1:04:59]} 12. a4
{[%clk 1:20:10]} Kh8 {[%clk 0:51:51]} 13. Be3 {[%clk 1:13:58]} Nd7
{[%clk 0:48:50]} 14. h4 {[%clk 1:04:05]} a6 {[%clk 0:44:12]} 15. h5
{[%clk 0:58:04]} b5 {[%clk 0:41:35]} 16. Be2 {[%clk 0:53:19]} bxa4
{[%clk 0:31:15]} 17. Nxa4 {[%clk 0:50:42]} gxh5 {[%clk 0:22:50]} 18. Qxh5
{[%clk 0:40:05]} f5 {[%clk 0:22:54]} 19. exf5 {[%clk 0:27:35]} Nxd5
{[%clk 0:22:17]} 20. Bd2 {[%clk 0:27:52]} Bd4+ {[%clk 0:14:40]} 21. Kh1
{[%clk 0:28:18]} e6 {[%clk 0:10:52]} 22. fxe6 {[%clk 0:23:57]} N7f6
{[%clk 0:07:08]} 23. Qh3 {[%clk 0:24:09]} Ne4 {[%clk 0:01:51]} 24. Bd3
{[%clk 0:24:32]} Ndf6 25. Be1 1-0

[Event "Mästar Elit"]
[Site "Örebro"]
[Date "2013.07.08"]
[Round "3"]
[White "Sagit, Rauan"]
[Black "Cramling, Dan"]
[Result "1/2-1/2"]
[BlackElo "2371"]
[WhiteElo "2355"]

1. e4 {[%clk 1:27:40]} d6 {[%clk 1:30:38]} 2. d4 {[%clk 1:27:55]} Nf6
{[%clk 1:30:53]} 3. Nc3 {[%clk 1:28:06]} g6 {[%clk 1:31:02]} 4. h3
{[%clk 1:27:58]} Bg7 {[%clk 1:29:32]} 5. Nf3 {[%clk 1:28:04]} O-O
{[%clk 1:29:43]} 6. Be2 {[%clk 1:28:14]} c5 {[%clk 1:29:47]} 7. dxc5
{[%clk 1:26:24]} Qa5 {[%clk 1:29:56]} 8. Bd2 {[%clk 1:26:04]} Qxc5
{[%clk 1:29:52]} 9. O-O {[%clk 1:26:12]} a6 {[%clk 1:17:01]} 10. a3
{[%clk 1:24:37]} Qc7 {[%clk 1:14:24]} 11. Qc1 {[%clk 1:24:04]} b5
{[%clk 1:12:06]} 12. Bh6 {[%clk 1:22:24]} Bb7 {[%clk 1:12:07]} 13. Bxg7
{[%clk 1:22:35]} Kxg7 {[%clk 1:12:30]} 14. Qf4 {[%clk 1:21:00]} Nbd7
{[%clk 1:11:25]} 15. Rad1 {[%clk 1:19:11]} 1/2-1/2

[Event "Mästar Elit"]
[Site "Örebro"]
[Date "2013.07.08"]
[Round "3"]
[White "Larsson, Anders"]
[Black "Persson, Andreas"]
[Result "1-0"]
[BlackElo "2167"]
[WhiteElo "2314"]

1. Nf3 {[%clk 1:26:13]} Nf6 {[%clk 1:30:40]} 2. g3 {[%clk 1:24:52]} b6
{[%clk 1:30:30]} 3. Bg2 {[%clk 1:24:26]} Bb7 {[%clk 1:30:41]} 4. O-O
{[%clk 1:24:28]} c5 {[%clk 1:29:40]} 5. c4 {[%clk 1:22:11]} g6 {[%clk 1:27:42]}
6. Nc3 {[%clk 1:21:37]} Bg7 {[%clk 1:27:04]} 7. d3 {[%clk 1:21:05]} d6
{[%clk 1:23:02]} 8. a3 {[%clk 1:15:18]} O-O {[%clk 1:18:29]} 9. Bg5
{[%clk 1:11:17]} h6 {[%clk 1:13:20]} 10. Bd2 {[%clk 1:11:32]} Nc6
{[%clk 1:10:45]} 11. Rb1 {[%clk 1:10:26]} Qd7 {[%clk 0:57:10]} 12. b4
{[%clk 1:07:56]} Ng4 {[%clk 0:49:30]} 13. h3 {[%clk 0:57:33]} Nge5
{[%clk 0:47:44]} 14. Ne1 {[%clk 0:51:39]} cxb4 {[%clk 0:44:04]} 15. axb4
{[%clk 0:51:29]} Nd4 {[%clk 0:43:03]} 16. f4 {[%clk 0:43:41]} Bxg2
{[%clk 0:42:26]} 17. Kxg2 {[%clk 0:43:51]} Qb7+ {[%clk 0:40:52]} 18. Kh2
{[%clk 0:43:36]} Nd7 {[%clk 0:40:01]} 19. e3 {[%clk 0:40:47]} Nf5
{[%clk 0:38:29]} 20. Ng2 {[%clk 0:39:56]} Bxc3 {[%clk 0:36:43]} 21. Bxc3
{[%clk 0:39:11]} Qxg2+ {[%clk 0:36:53]} 22. Kxg2 {[%clk 0:39:37]} Nxe3+
{[%clk 0:37:16]} 23. Kf3 {[%clk 0:39:45]} Nxd1 {[%clk 0:37:39]} 24. Rfxd1
{[%clk 0:40:05]} Rfc8 {[%clk 0:35:40]} 25. Re1 {[%clk 0:38:57]} e6
{[%clk 0:34:45]} 26. Bd4 {[%clk 0:38:21]} Re8 {[%clk 0:33:49]} 27. Re2
{[%clk 0:36:48]} e5 {[%clk 0:29:33]} 28. fxe5 {[%clk 0:35:15]} Nxe5+
{[%clk 0:27:43]} 29. Bxe5 {[%clk 0:35:30]} Rxe5 {[%clk 0:27:20]} 30. Rxe5
{[%clk 0:35:18]} dxe5 {[%clk 0:27:43]} 31. Ke4 {[%clk 0:33:46]} Re8
{[%clk 0:22:16]} 32. c5 {[%clk 0:31:38]} bxc5 {[%clk 0:20:37]} 33. bxc5
{[%clk 0:32:02]} f5+ {[%clk 0:20:00]} 34. Kd5 {[%clk 0:31:44]} Rd8+
{[%clk 0:14:42]} 35. Ke6 {[%clk 0:28:45]} Rc8 {[%clk 0:13:01]} 36. Rb5
{[%clk 0:27:33]} e4 {[%clk 0:11:39]} 37. Kd7 {[%clk 0:25:56]} Rf8
{[%clk 0:10:55]} 38. c6 {[%clk 0:25:11]} exd3 {[%clk 0:09:47]} 39. c7
{[%clk 0:24:55]} Rf7+ {[%clk 0:08:47]} 40. Kd6 {[%clk 0:54:52]} Rf6+
{[%clk 0:38:40]} 41. Kd5 {[%clk 0:54:58]} 1-0

[Event "Mästar Elit"]
[Site "Örebro"]
[Date "2013.07.09"]
[Round "4"]
[White "Andersson, Tommy"]
[Black "Sagit, Rauan"]
[Result "1-0"]
[BlackElo "2355"]
[WhiteElo "2345"]

1. d4 {[%clk 1:30:58]} Nf6 {[%clk 1:30:21]} 2. c4 {[%clk 1:31:25]} c5
{[%clk 1:30:10]} 3. d5 {[%clk 1:31:49]} b5 {[%clk 1:29:44]} 4. cxb5
{[%clk 1:31:41]} a6 {[%clk 1:29:38]} 5. b6 {[%clk 1:26:22]} Qxb6 {[%clk 1:27:54]}
6. Nc3 {[%clk 1:26:43]} g6 {[%clk 1:25:50]} 7. e4 {[%clk 1:25:30]} d6
{[%clk 1:25:48]} 8. Nf3 {[%clk 1:24:20]} Bg7 {[%clk 1:24:47]} 9. Nd2
{[%clk 1:24:00]} Qc7 {[%clk 1:22:15]} 10. Nc4 {[%clk 1:21:02]} Nbd7
{[%clk 1:21:45]} 11. Be2 {[%clk 1:08:45]} O-O {[%clk 1:18:01]} 12. Bf4
{[%clk 1:05:39]} Nb6 {[%clk 1:10:04]} 13. Ne3 {[%clk 1:05:12]} Rd8
{[%clk 1:03:46]} 14. Rc1 {[%clk 0:59:47]} Rb8 {[%clk 0:53:40]} 15. O-O
{[%clk 0:58:15]} Nbd7 {[%clk 0:53:10]} 16. Qc2 {[%clk 0:52:06]} h5
{[%clk 0:48:42]} 17. h3 {[%clk 0:43:54]} Nh7 {[%clk 0:48:00]} 18. Na4
{[%clk 0:36:03]} Ne5 {[%clk 0:45:00]} 19. b3 {[%clk 0:33:57]} a5 {[%clk 0:43:05]}
20. Bg3 {[%clk 0:29:55]} Qa7 {[%clk 0:36:22]} 21. f4 {[%clk 0:22:48]} Nd7
{[%clk 0:32:37]} 22. Nc4 {[%clk 0:23:00]} Ba6 {[%clk 0:27:35]} 23. Be1
{[%clk 0:19:02]} Bb5 {[%clk 0:20:26]} 24. Nxa5 {[%clk 0:13:35]} Bxa4
{[%clk 0:19:40]} 25. bxa4 {[%clk 0:13:57]} Rb2 {[%clk 0:19:31]} 26. Qd1
{[%clk 0:11:30]} c4+ {[%clk 0:14:54]} 27. Kh1 {[%clk 0:11:35]} Qe3
{[%clk 0:13:53]} 28. Bxc4 {[%clk 0:06:23]} Qxe4 {[%clk 0:12:07]} 29. Qf3
{[%clk 0:06:35]} Qxf3 {[%clk 0:09:40]} 30. Rxf3 {[%clk 0:07:03]} Nb6
{[%clk 0:08:38]} 31. Bb3 {[%clk 0:06:12]} Ra8 {[%clk 0:08:33]} 32. Rd3
{[%clk 0:04:00]} Nf8 {[%clk 0:07:13]} 33. Nc6 {[%clk 0:02:03]} Nxa4
{[%clk 0:06:53]} 34. Nxe7+ {[%clk 0:02:31]} Kh7 {[%clk 0:06:49]} 35. Bb4
{[%clk 0:02:53]} Nd7 {[%clk 0:04:52]} 36. Bxd6 {[%clk 0:03:02]} Bf8
{[%clk 0:04:20]} 37. Rc7 {[%clk 0:02:26]} Nab6 {[%clk 0:03:08]} 38. Bb4
{[%clk 0:02:08]} Bh6 {[%clk 0:02:58]} 39. Rf3 {[%clk 0:01:16]} Rb1+
{[%clk 0:02:01]} 40. Kh2 {[%clk 0:31:42]} h4 {[%clk 0:31:40]} 41. Bc3
{[%clk 0:24:11]} Ra3 {[%clk 0:23:32]} 42. d6 {[%clk 0:17:51]} Raxb3
{[%clk 0:22:43]} 43. axb3 {[%clk 0:18:04]} Rxb3 {[%clk 0:22:58]} 44. f5
{[%clk 0:17:39]} g5 {[%clk 0:19:35]} 45. Nc8 {[%clk 0:14:27]} Bf8
{[%clk 0:17:55]} 46. Ne7 {[%clk 0:08:03]} Rb1 {[%clk 0:15:37]} 47. Rd3
{[%clk 0:07:05]} Rb3 {[%clk 0:11:39]} 48. Rd1 {[%clk 0:04:52]} Rb5
{[%clk 0:06:52]} 49. f6 {[%clk 0:04:16]} g4 {[%clk 0:03:18]} 50. hxg4
{[%clk 0:04:18]} Bh6 {[%clk 0:03:37]} 51. Nc8 {[%clk 0:03:03]} Bf4+
{[%clk 0:02:48]} 52. Kg1 {[%clk 0:02:49]} Nd5 {[%clk 0:01:50]} 53. Rxd5
{[%clk 0:01:30]} Rxd5 {[%clk 0:02:04]} 54. Rxd7 {[%clk 0:01:50]} Bg3
{[%clk 0:01:52]} 55. Kf1 {[%clk 0:02:09]} Rd3 {[%clk 0:00:48]} 56. Rxf7+
{[%clk 0:02:12]} Kh6 {[%clk 0:01:08]} 57. d7 {[%clk 0:01:52]} Kg5
{[%clk 0:01:33]} 58. Ke2 {[%clk 0:02:12]} Rd5 {[%clk 0:01:36]} 59. Ba5
{[%clk 0:01:27]} h3 {[%clk 0:01:14]} 60. gxh3 {[%clk 0:01:42]} 1-0

[Event "Mästar Elit"]
[Site "Örebro"]
[Date "2013.07.09"]
[Round "4"]
[White "Frisk Kockum, Anton"]
[Black "Lindgren, Philip"]
[Result "0-1"]
[BlackElo "2287"]
[WhiteElo "2346"]

1. d4 {[%clk 1:30:57]} d5 {[%clk 1:30:51]} 2. Nf3 {[%clk 1:31:22]} Nf6
{[%clk 1:31:12]} 3. c4 {[%clk 1:31:48]} c6 {[%clk 1:31:35]} 4. Nc3
{[%clk 1:32:13]} e6 {[%clk 1:31:42]} 5. Bg5 {[%clk 1:32:39]} h6 {[%clk 1:31:55]}
6. Bxf6 {[%clk 1:33:03]} Qxf6 {[%clk 1:32:17]} 7. e3 {[%clk 1:33:28]} Nd7
{[%clk 1:32:26]} 8. Rc1 {[%clk 1:33:51]} g6 {[%clk 1:30:58]} 9. Bd3
{[%clk 1:34:16]} dxc4 {[%clk 1:31:01]} 10. Bxc4 {[%clk 1:34:39]} Qe7
{[%clk 1:28:24]} 11. e4 {[%clk 1:32:28]} Bg7 {[%clk 1:27:56]} 12. O-O
{[%clk 1:32:44]} O-O {[%clk 1:27:16]} 13. e5 {[%clk 1:29:53]} b6 {[%clk 1:24:57]}
14. Re1 {[%clk 1:25:42]} Bb7 {[%clk 1:23:02]} 15. Qe2 {[%clk 1:23:40]} Rab8
{[%clk 1:21:28]} 16. Rcd1 {[%clk 1:17:02]} b5 {[%clk 1:05:59]} 17. Bd3
{[%clk 1:09:53]} c5 {[%clk 0:59:22]} 18. Bxb5 {[%clk 0:47:50]} Bxf3
{[%clk 0:54:48]} 19. Qxf3 {[%clk 0:47:15]} cxd4 {[%clk 0:54:01]} 20. Bxd7
{[%clk 0:47:19]} Qxd7 {[%clk 0:50:52]} 21. Qf4 {[%clk 0:41:07]} Rxb2
{[%clk 0:46:57]} 22. Rxd4 {[%clk 0:40:56]} Qc7 {[%clk 0:42:14]} 23. Rc4
{[%clk 0:40:12]} Qa5 {[%clk 0:41:32]} 24. Re3 {[%clk 0:31:51]} Rfb8
{[%clk 0:35:29]} 25. h4 {[%clk 0:29:05]} R2b4 {[%clk 0:35:07]} 26. Rxb4
{[%clk 0:25:40]} Rxb4 {[%clk 0:34:19]} 27. Qg3 {[%clk 0:25:58]} h5
{[%clk 0:31:59]} 28. f4 {[%clk 0:24:52]} Qc5 {[%clk 0:25:38]} 29. Qf3
{[%clk 0:20:40]} Qd4 {[%clk 0:21:35]} 30. Ne4 {[%clk 0:17:40]} Rb1+
{[%clk 0:09:43]} 31. Kh2 {[%clk 0:17:38]} Qa1 {[%clk 0:09:26]} 32. Kg3
{[%clk 0:15:50]} Rf1 {[%clk 0:07:56]} 33. Nf2 {[%clk 0:14:41]} Qxa2
{[%clk 0:06:40]} 34. Ra3 {[%clk 0:05:26]} Qb2 {[%clk 0:05:57]} 35. Rb3
{[%clk 0:04:42]} Qc2 {[%clk 0:04:41]} 36. Rc3 {[%clk 0:03:21]} Qb2
{[%clk 0:03:17]} 37. Rb3 {[%clk 0:03:26]} Qc2 {[%clk 0:03:42]} 38. Rc3
{[%clk 0:03:51]} Qf5 {[%clk 0:01:54]} 39. Qe2 {[%clk 0:04:11]} Rb1
{[%clk 0:01:32]} 40. Ne4 {[%clk 0:30:40]} Rb8 {[%clk 0:30:42]} 41. Nd6
{[%clk 0:25:55]} Qb1 {[%clk 0:29:22]} 42. Rc7 {[%clk 0:18:21]} a5
{[%clk 0:17:18]} 43. Kh2 {[%clk 0:11:40]} Rb2 {[%clk 0:12:43]} 44. Qe4
{[%clk 0:11:26]} Qxe4 {[%clk 0:10:15]} 45. Nxe4 {[%clk 0:11:53]} Bh6
{[%clk 0:09:15]} 46. Ng5 {[%clk 0:01:01]} a4 {[%clk 0:05:23]} 47. Ra7
{[%clk 0:01:00]} Rb4 {[%clk 0:04:44]} 48. g3 {[%clk 0:00:54]} Bf8
{[%clk 0:03:23]} 49. Nxf7 {[%clk 0:00:48]} Bc5 {[%clk 0:03:17]} 50. Nh6+
{[%clk 0:01:16]} Kf8 {[%clk 0:03:27]} 51. Ra8+ {[%clk 0:00:59]} Kg7
{[%clk 0:03:14]} 52. Ng8 {[%clk 0:01:18]} Rb2+ {[%clk 0:03:11]} 53. Kh3
{[%clk 0:01:36]} a3 {[%clk 0:03:20]} 54. Nf6 {[%clk 0:01:38]} a2 {[%clk 0:03:16]}
55. Ne4 {[%clk 0:01:27]} Bg1 {[%clk 0:01:52]} 56. g4 {[%clk 0:01:55]} Bd4
{[%clk 0:02:11]} 57. f5 {[%clk 0:00:34]} gxf5 {[%clk 0:01:48]} 58. gxf5
{[%clk 0:00:40]} exf5 {[%clk 0:01:55]} 59. Ng3 {[%clk 0:01:04]} Bxe5
{[%clk 0:01:28]} 60. Ra7+ {[%clk 0:00:46]} Kg6 {[%clk 0:01:31]} 61. Ra6+
{[%clk 0:01:03]} Bf6 {[%clk 0:01:28]} 62. Ra3 {[%clk 0:00:41]} Rc2
{[%clk 0:01:28]} 0-1